000 00726cam a22002532 4500
999 _c18561
_d18561
001 0000002320
003 OSt
005 20201009103405.0
008 070410s xx 000 0 eng d
020 _a1259095657
040 _aKABU
_cKABU
050 0 _aHF5718
_b.L63 2017 c.1
100 1 _aLocker, Kitty O.
245 1 0 _aBusiness and administrative communication /
_cKitty O. Locker.
250 _a11th ed.
260 _aBoston, Mass. :
_bIrwin/McGraw-Hill,
_c2017
300 _axl,726p.
650 0 _aBusiness communication.
650 0 _aCommunication in management.
700 _aDonna S. Kienzler
908 _a070410
942 _2lcc
_cBK